000 00577nam a22002177a 4500
003 OSt
005 20140310183120.0
008 130510t xxu||||| |||| 00| 0 eng d
020 _a9789715848596
050 _aQC35
_b.F634 2009
082 _aFIL 530.078
_bF65 2009
245 _aPhysics 1
_blaboratory manual and workbook
_cFlores, Editha
260 _aQuezon City
_bC & E Publishing, Inc.
_c2009
300 _a142 p.
_c25 cm
521 _aCollege Students
526 _c1210L-1700L
541 _j1
541 _j2
562 _e2
942 _2lcc
_cBK
_kFIL
999 _c18923
_d18923